000 01163cam a22003497a 4500
003 CHAP
005 20220329142244.0
008 000330d1995 mx a r 00010 spa d
010 _a80630
011 _a81602
020 _a842914255X
035 _a92076
040 _cCHAP
082 0 4 _a621
_bR5
100 0 0 _aRiley, William F.
_997436
245 1 0 _aIngeniería mecánica :
_bestática
_c/por William F. Riley y Leroy D. Sturges
260 _aMéxico, D. F. :
_bReverté,
_c1995.
300 _a616 p. :
_bilus.
590 _aBATCH-UPD
_b10
_c20130110
_lUCH01
_h0401
590 _aBATCH-UPD
_b10
_c20130110
_lUCH01
_h1955
590 _aBATCH-UPD
_b10
_c20130410
_lUCH01
_h0034
590 _aBATCH-UPD
_b10
_c20130914
_lUCH01
_h1327
590 _aCONVERSION
_b10
_c20130109
_lUCH01
_h1345
650 1 4 _aEstática.
_938334
650 1 4 _aIngeniería mecánica.
_958260
700 0 _aSturges, Leroy D.
_9110101
901 _aBK
905 _aLilia Sánchez G.
942 _cLIBRO
949 _a621 R5
_bBC
_cLIBRO
_d33724000756235
_eLIBRO
_gI.209176
_h97634
_i92076
_si
_t$386.00
949 _a621 R5
_bBC
_cLIBRO
_d33724000817896
_eLIBRO
_fc.2
_gI.210684
_h99777
_i92076
_si
_t$358.26
999 _c80630
_d80630